Statystyki dla Postacie z serii o Harrym Potterze (bardzo trudny)

Kliknij tutaj aby rozwiązać quiz!

Ogólne statystyki

  • Ten quiz został rozwiązany 415 razy
  • Średni wynik to 3 z 10

Statystyki odpowiedzi

HintOdpowiedź% Poprawnych
zamieszany w wiele nielegalnych przedsięwzięć oraz ze złą reputacją złodzieja, był on jednym z pierwszych członków Zakonu Feniksa, Był bardzo lojalny Dumbledore'owi, kiedyś uratował go z poważnych kłopotówMundungus Fletcher
74%
dyrektor Szkoły Magii i Czarodziejstwa w Hogwarcie, poprzednik Albusa Dumbledore'a, za jego kadencji została po raz pierwszy otwarta Komnata TajemnicArmando Dippet
58%
prefekt Ravenclawu, była dziewczyną Percy'ego Weasleya, została zaatakowana przez bazyliszka, którego zadaniem było mordowanie "szlam"Penelopa Clearwater
53%
ćwierć wila, jest drugą córką Apolonii i Monsieura oraz młodszą siostrą Fleur, dzięki której ma powiązania z rodziną Weasleyów, tak samo jak siostra, uczęszczała do Akademii Magii BeauxbatonsGabrielle Delacour
37%
w czasie Pierwszej Wojny Czarodziejów walczył u boku Voldemorta, po zabiciu Dumbledore'a był nauczycielem obrony przed czarną magią, na której uczono wówczas tylko czarnej magiiAmycus Carrow
34%
prawnik Ministerstwa Magii i przyjaciel Albusa Dumbledore'a, należał do Zakonu Feniksa zarówno w pierwszej, jak i w drugiej wojnie czarodziejów, po śmierci Dumbledore'a napisał szczery nekrolog o jego życiuElfias Doge
21%
na swoim drugim roku został spetryfikowany, w 1995 roku dołączył do Gwardii Dumbledore'a, jego najbliżsi przyjaciele to Hanna Abbott i Ernest Macmillan, podczas jednego ze spotkań w Klubie Pojedynków Harry obronił go przed wężemJustyn Finch–Fletchley
21%
niewymowny w Departamencie Tajemnic, szpieg Voldemorta podczas pierwszej wojny czarodziejów, prowadził siatkę wywiadowczą w Ministerstwie Magii, brał udział w bitwie w Departamencie Tajemnic oraz w bitwie o HogwartAugustus Rookwood
17%
śmierciożerca zatrudniony po upadku Voldemorta w Ministerstwie Magii , w Komisji Likwidacji Niebezpiecznych Stworzeń, jako kat, W 1995 otrzymał od Voldemorta misję zwerbowania olbrzymów do walki po stronie Czarnego Pana, co mu się udałoWalden Macnair
14%
szmalcownik, który w siódmej części serii działał w gangu wilkołaka, Fenrira Greybacka, pomagał Lordowi Voldemortowi w schwytaniu Harry'ego PotteraScabior
11%

Rozkład punktacji

Percentyl według liczby udzielonych odpowiedzi

Procent ludzi z każdym wynikiem

Twoja historia wyników

Nie rozwiązałeś tego quizu